[Event "BLR-ch sf (Women)"]
[Site "Minsk"]
[Date "2023.12.13"]
[Round "7"]
[White "Abramkina, Veranika"]
[Black "Dorashava, Viktoryia"]
[Result "1-0"]
[WhiteElo "1793"]
[BlackElo "1618"]
[PlyCount "103"]
[EventDate "2023.12.07"]
[EventType "swiss"]
[EventRounds "9"]
[EventCountry "BLR"]
[SourceTitle "CB51_2023"]
[SourceDate "2023.12.20"]
[SourceVersion "1"]
[SourceVersionDate "2023.12.20"]
[SourceQuality "1"]

1. e4 c6 2. c4 d5 3. exd5 cxd5 4. cxd5 Nf6 5. Nc3 g6 6. Qb3 Bg7 7. g3 0-0 8. Bg2 Nbd7 9. d4 Nb6 10. Nge2 Bf5 11. 0-0 Bd3 12. d6 exd6 13. Bxb7 Rb8 14. Bg2 Qd7 15. Qd1 Bf5 16. Bf4 Bh3 17. Rc1 Bxg2 18. Kxg2 Nbd5 19. b3 Nxc3 20. Nxc3 Nh5 21. Qd2 Rb4 22. Ne2 Nxf4+ 23. Qxf4 a5 24. Rfd1 a4 25. bxa4 Rxa4 26. Nc3 Ra3 27. Qe4 h5 28. h4 Rc8 29. Nd5 Rxc1 30. Rxc1 Rxa2 31. Rc8+ Kh7 32. Rc7 Qe6 33. Qxe6 fxe6 34. Nf4 Kg8 35. Nxe6 Bh6 36. Rd7 Ra6 37. d5 Ra2 38. Rxd6 Be3 39. Kf3 Ba7 40. Nf4 Rxf2+ 41. Ke4 Ra2 42. Rxg6+ Kf7 43. Rc6 Ra3 44. Rc7+ Kf6 45. Nxh5+ Kg6 46. Nf4+ Kf6 47. Rc6+ Kf7 48. g4 Re3+ 49. Kf5 Bb8 50. Rf6+ Kg7 51. Ne6+ Kh7 52. Rf7+ 1-0

[Event "Minsk op"]
[Site "Minsk"]
[Date "2023.11.07"]
[Round "5"]
[White "Kurchenko, Egor"]
[Black "Dorashava, Viktoryia"]
[Result "1-0"]
[WhiteElo "2125"]
[BlackElo "1567"]
[PlyCount "55"]
[EventDate "2023.11.03"]
[EventType "swiss"]
[EventRounds "9"]
[EventCountry "BLR"]
[SourceTitle "CB46_2023"]
[SourceDate "2023.11.15"]
[SourceVersion "1"]
[SourceVersionDate "2023.11.15"]
[SourceQuality "1"]

1. e4 d5 2. exd5 Nf6 3. d4 Bg4 4. Be2 Bxe2 5. Nxe2 Qxd5 6. 0-0 Nc6 7. Qd3 e5 8. c4 Qd7 9. d5 Ne7 10. Bg5 Ng6 11. Nbc3 Be7 12. Rad1 0-0 13. h3 Nh5 14. Bxe7 Qxe7 15. Qf5 Ngf4 16. Nxf4 Nxf4 17. Rfe1 Rae8 18. Ne4 f6 19. d6 cxd6 20. Nxd6 Rd8 21. c5 Qc7 22. Qc2 Rb8 23. Qc4+ Kh8 24. b4 Qc6 25. f3 Qc7 26. Rd2 Ng6 27. Red1 Qe7 28. Nf5 1-0

[Event "Wch U16 Girls blitz"]
[Site "Batumi"]
[Date "2023.06.11"]
[Round "11"]
[White "Dorashava, Viktoryia"]
[Black "Volchkova, Alena"]
[Result "1-0"]
[WhiteElo "1684"]
[BlackElo "1969"]
[PlyCount "59"]
[EventDate "2023.06.10"]
[EventType "swiss (blitz)"]
[EventRounds "11"]
[EventCountry "GEO"]
[SourceTitle "EXT 2024"]
[Source "ChessBase"]
[SourceDate "2023.10.10"]
[SourceVersion "1"]
[SourceVersionDate "2023.10.10"]
[SourceQuality "1"]
[WhiteTeam "FIDE"]
[BlackTeam "Russia"]
[BlackTeamCountry "RUS"]

1. d4 Nf6 2. c4 e6 3. Nc3 c5 4. d5 exd5 5. cxd5 d6 6. e4 g6 7. f4 Bg7 8. Bb5+ Nfd7 9. a4 0-0 10. Nf3 Na6 11. 0-0 Nb4 12. Re1 a6 13. Bf1 Re8 14. Be3 Nf6 15. Bf2 Ng4 16. Bg3 h5 17. h3 Nf6 18. Bh4 Qb6 19. e5 dxe5 20. fxe5 Nd7 21. e6 fxe6 22. dxe6 Nf6 23. Bc4 Bxe6 24. Rxe6 Rxe6 25. Ng5 Rae8 26. Qe2 Nbd5 27. Nxe6 Rxe6 28. Nxd5 Nxd5 29. Bxd5 Bd4+ 30. Kh1 1-0

[Event "Wch U16 Girls rapid"]
[Site "Batumi"]
[Date "2023.06.08"]
[Round "8"]
[White "Dorashava, Viktoryia"]
[Black "Kosak, Karolina"]
[Result "1-0"]
[WhiteElo "1462"]
[BlackElo "1365"]
[PlyCount "86"]
[EventDate "2023.06.06"]
[EventType "swiss (rapid)"]
[EventRounds "11"]
[EventCountry "GEO"]
[SourceTitle "EXT 2024"]
[Source "ChessBase"]
[SourceDate "2023.10.10"]
[SourceVersion "1"]
[SourceVersionDate "2023.10.10"]
[SourceQuality "1"]
[WhiteTeam "FIDE"]
[BlackTeam "Slovenia"]
[BlackTeamCountry "SLO"]

1. d4 f5 2. g3 e6 3. Bg2 Nf6 4. Nf3 Be7 5. c4 0-0 6. Nc3 d6 7. 0-0 Ne4 8. Qc2 Nxc3 9. bxc3 Nc6 10. e4 e5 11. c5 f4 12. Rb1 Qe8 13. Ba3 Qh5 14. cxd6 Bxd6 15. Qb3+ Kh8 16. dxe5 Nxe5 17. Nxe5 Qxe5 18. Bb2 f3 19. Bh1 Qxe4 20. Rfe1 Qc6 21. c4 Bh3 22. Qc3 Rf7 23. Re3 Raf8 24. Rxf3 Bb4 25. Rxf7 Rxf7 26. Bxc6 Bxc3 27. Bxc3 h5 28. Rxb7 a6 29. Be4 Bf5 30. Bxf5 Rxf5 31. Rxc7 Rf3 32. Bxg7+ Kg8 33. Bd4 Ra3 34. c5 Rxa2 35. c6 a5 36. Rd7 h4 37. gxh4 a4 38. c7 Ra1+ 39. Kg2 Rc1 40. Rd8+ Kf7 41. c8Q Rxc8 42. Rxc8 a3 43. Ra8 a2 1-0

[Event "Wch U16 Girls rapid"]
[Site "Batumi"]
[Date "2023.06.08"]
[Round "11"]
[White "Shohradova, Leyla"]
[Black "Dorashava, Viktoryia"]
[Result "1-0"]
[WhiteElo "1440"]
[BlackElo "1462"]
[PlyCount "59"]
[EventDate "2023.06.06"]
[EventType "swiss (rapid)"]
[EventRounds "11"]
[EventCountry "GEO"]
[SourceTitle "EXT 2024"]
[Source "ChessBase"]
[SourceDate "2023.10.10"]
[SourceVersion "1"]
[SourceVersionDate "2023.10.10"]
[SourceQuality "1"]
[WhiteTeam "Turkmenistan"]
[BlackTeam "FIDE"]
[WhiteTeamCountry "TKM"]

1. d4 d5 2. c4 Nc6 3. Nf3 Bg4 4. Nbd2 e6 5. g3 Nf6 6. Bg2 Be7 7. 0-0 h5 8. Qa4 Qd7 9. Re1 Bf5 10. cxd5 exd5 11. a3 Ne4 12. b4 f6 13. Bb2 h4 14. e3 hxg3 15. fxg3 Kf7 16. Qb3 Rh7 17. Nxe4 Bxe4 18. Ng5+ fxg5 19. Bxe4 Rh6 20. Rf1+ Ke8 21. Bxd5 Qh3 22. Rf2 Kd7 23. Be4 Rf8 24. Qd5+ Ke8 25. Raf1 Rff6 26. b5 Nd8 27. Qg8+ Kd7 28. d5 Rxf2 29. Rxf2 Bd6 30. Bf5+ 1-0

[Event "Wch U16 Girls rapid"]
[Site "Batumi"]
[Date "2023.06.07"]
[Round "5"]
[White "Shvedova, Alexandra"]
[Black "Dorashava, Viktoryia"]
[Result "1-0"]
[WhiteElo "2005"]
[BlackElo "1462"]
[PlyCount "121"]
[EventDate "2023.06.06"]
[EventType "swiss (rapid)"]
[EventRounds "11"]
[EventCountry "GEO"]
[SourceTitle "EXT 2024"]
[Source "ChessBase"]
[SourceDate "2023.10.10"]
[SourceVersion "1"]
[SourceVersionDate "2023.10.10"]
[SourceQuality "1"]
[WhiteTeam "FIDE"]
[BlackTeam "FIDE"]

1. e4 c5 2. Ne2 d6 3. g3 g6 4. Bg2 Bg7 5. c3 Nc6 6. d4 e6 7. Be3 cxd4 8. cxd4 Nge7 9. Nbc3 0-0 10. 0-0 a6 11. Qd2 b5 12. Rac1 Bb7 13. b3 Rc8 14. Rfd1 Nb8 15. Bh6 Nd7 16. h4 Nb6 17. h5 b4 18. Nb1 a5 19. Bxg7 Kxg7 20. h6+ Kg8 21. Qf4 Rxc1 22. Rxc1 f6 23. Nd2 e5 24. Qe3 Bc8 25. Nf3 Be6 26. Ne1 Na8 27. Nd3 Qb6 28. Qd2 Rc8 29. dxe5 dxe5 30. Rxc8+ Bxc8 31. Nb2 Kf7 32. Nc4 Qc7 33. Nd6+ Kf8 34. Nxc8 Qxc8 35. Kh2 Qc7 36. Bh3 Kf7 37. Qd3 Nb6 38. Qb5 Nbc8 39. Qa6 Nd6 40. Qa8 Ne8 41. Ng1 Qc6 42. Qxa5 Qxe4 43. Bg2 Qf5 44. Qxb4 Qxf2 45. Qc4+ Kf8 46. a4 Nf5 47. Qg4 Ne3 48. Qf3 Qd2 49. Qe2 Qd4 50. Bf3 e4 51. Bg2 f5 52. Bh3 Nf6 53. a5 Nfg4+ 54. Bxg4 Nxg4+ 55. Kg2 Ne3+ 56. Kh1 Ng4 57. a6 e3 58. Nf3 Qa1+ 59. Kg2 Qa3 60. Nd4 Qc5 61. Ne6+ 1-0

[Event "Minsk Kupreichik Memorial op"]
[Site "Minsk"]
[Date "2023.04.21"]
[Round "1"]
[White "Guryev, Yan"]
[Black "Dorashava, Viktoryia"]
[Result "0-1"]
[WhiteElo "1356"]
[BlackElo "1580"]
[PlyCount "62"]
[EventDate "2023.04.21"]
[EventType "swiss"]
[EventRounds "7"]
[EventCountry "BLR"]
[SourceTitle "CBM 214 Extra"]
[Source "ChessBase"]
[SourceDate "2023.07.31"]
[SourceVersion "1"]
[SourceVersionDate "2023.07.31"]
[SourceQuality "1"]

1. d4 Nf6 2. c4 e6 3. Nc3 Bb4 4. f3 Qe7 5. e4 d6 6. Be3 Bxc3+ 7. bxc3 e5 8. h4 c5 9. d5 Nh5 10. g4 Nf4 11. Qd2 0-0 12. Bxf4 exf4 13. Qxf4 f5 14. gxf5 Bxf5 15. Qe3 Nd7 16. Kd2 Rae8 17. Bd3 h6 18. Re1 Bh7 19. Ne2 Ne5 20. Ref1 Qd7 21. Rhg1 Kh8 22. f4 Nxd3 23. Qxd3 Bxe4 24. Qg3 Rf7 25. Nc1 Qa4 26. f5 Qc2+ 27. Ke3 Bxf5+ 28. Kf3 Bh3+ 29. Qf4 Qxc3+ 30. Nd3 Qxd3+ 31. Kf2 Re2# 0-1

[Event "Chigorin Memorial 29th"]
[Site "St Petersburg"]
[Date "2022.10.22"]
[Round "1"]
[White "Dorashava, Viktoryia"]
[Black "Pogorelskikh, Sofia"]
[Result "1-0"]
[WhiteElo "1560"]
[BlackElo "2131"]
[PlyCount "67"]
[EventDate "2022.10.22"]
[EventType "swiss"]
[EventRounds "9"]
[EventCountry "RUS"]
[SourceTitle "EXT 2024"]
[Source "ChessBase"]
[SourceDate "2023.10.10"]
[SourceVersion "1"]
[SourceVersionDate "2023.10.10"]
[SourceQuality "1"]

1. d4 Nf6 2. c4 e6 3. Nc3 Bb4 4. f3 c5 5. a3 Bxc3+ 6. bxc3 d5 7. cxd5 exd5 8. e3 Bf5 9. Ne2 Nc6 10. g4 Nxg4 11. fxg4 Qh4+ 12. Ng3 Be4 13. Rg1 Qxh2 14. Nxe4 dxe4 15. Rg2 Qh4+ 16. Rf2 0-0 17. Bc4 Kh8 18. Kf1 Rad8 19. Bb3 c4 20. Bc2 f5 21. gxf5 Rd5 22. Rf4 Qh3+ 23. Ke2 Rdxf5 24. Qf1 Qxf1+ 25. Kxf1 Rxf4+ 26. exf4 Re8 27. Kf2 Kg8 28. d5 Nb8 29. Be3 a6 30. Re1 Nd7 31. Bd4 Nf6 32. Bxf6 gxf6 33. Rxe4 Rxe4 34. Bxe4 1-0